000
00191 a2200097 4500
020
_a
78694300103
041
_a
eng
100
_a
R. F. PATTERSON
245
_a
NEW WEBSTER DICTIONARY
942
_c
BK
999
_c
5158
_d
5158